[Event "Concepcion Lesly Memorial"]
[Site "Concepcion"]
[Date "2014.03.15"]
[Round "8"]
[White "Escobar Bravo, Felipe"]
[Black "Tejos Godoy, Rodrigo Andres"]
[Result "0-1"]
[WhiteElo "1809"]
[BlackElo "1849"]
[PlyCount "50"]
[EventDate "2014.03.01"]
[EventType "tourn"]
[EventRounds "9"]
[EventCountry "CHI"]
[SourceTitle "EXT 2016"]
[Source "ChessBase"]
[SourceDate "2015.10.08"]
[SourceVersion "1"]
[SourceVersionDate "2015.10.08"]
[SourceQuality "1"]

1. e4 e6 2. d4 d5 3. Nd2 dxe4 4. Nxe4 Nd7 5. Nf3 Ngf6 6. Bg5 Be7 7. Bxf6 Nxf6 8. Bd3 Qd5 9. Qe2 Bd7 10. Nxf6+ gxf6 11. Be4 Qa5+ 12. c3 0-0-0 13. 0-0 Qh5 14. Rfd1 Bd6 15. Qe3 Rhg8 16. c4 f5 17. Bd3 Bc6 18. d5 exd5 19. cxd5 Rde8 20. Qxa7 Bxd5 21. Qa8+ Kd7 22. Bb5+ Ke7 23. Re1+ Be4 24. Bxe8 Rxg2+ 25. Kf1 Rxf2+ 0-1

[Event "Concepcion Lesly Memorial"]
[Site "Concepcion"]
[Date "2014.03.15"]
[Round "7"]
[White "Tejos Godoy, Rodrigo Andres"]
[Black "Fuentes Inzunza, Lesly"]
[Result "1/2-1/2"]
[WhiteElo "1849"]
[BlackElo "1895"]
[PlyCount "30"]
[EventDate "2014.03.01"]
[EventType "tourn"]
[EventRounds "9"]
[EventCountry "CHI"]
[SourceTitle "EXT 2016"]
[Source "ChessBase"]
[SourceDate "2015.10.08"]
[SourceVersion "1"]
[SourceVersionDate "2015.10.08"]
[SourceQuality "1"]

1. e4 e5 2. Nf3 Nc6 3. Nc3 f5 4. d4 fxe4 5. Nxe5 Nxe5 6. dxe5 Bb4 7. Bc4 Bxc3+ 8. bxc3 Qe7 9. Bf4 c6 10. 0-0 b5 11. Bb3 Bb7 12. a4 a6 13. Re1 0-0-0 14. axb5 axb5 15. Ra7 Qc5 1/2-1/2

[Event "Concepcion Lesly Memorial"]
[Site "Concepcion"]
[Date "2014.03.01"]
[Round "1"]
[White "Munoz Duran, Jaime"]
[Black "Tejos Godoy, Rodrigo Andres"]
[Result "0-1"]
[WhiteElo "1939"]
[BlackElo "1849"]
[PlyCount "70"]
[EventDate "2014.03.01"]
[EventType "tourn"]
[EventRounds "9"]
[EventCountry "CHI"]
[SourceTitle "EXT 2016"]
[Source "ChessBase"]
[SourceDate "2015.10.08"]
[SourceVersion "1"]
[SourceVersionDate "2015.10.08"]
[SourceQuality "1"]

1. e4 e6 2. d4 d5 3. Nc3 dxe4 4. Nxe4 Nd7 5. Nf3 Ngf6 6. Nxf6+ Nxf6 7. g3 Bd7 8. Bg2 Bc6 9. 0-0 Qd5 10. c4 Qh5 11. d5 0-0-0 12. dxc6 Rxd1 13. cxb7+ Kxb7 14. Rxd1 Kc8 15. a3 Be7 16. h3 Rd8 17. Rxd8+ Kxd8 18. Be3 c5 19. Rd1+ Kc8 20. Rd3 Qf5 21. Rd2 Qb1+ 22. Kh2 Ne4 23. Re2 Qd3 24. Re1 Bf6 25. Rc1 Qb3 26. Nd2 Nxd2 27. Bxd2 Bxb2 28. Re1 Qxc4 29. Bf4 Bxa3 30. Ra1 Qb4 31. Bc6 Qb2 32. Rd1 Qxf2+ 33. Kh1 Bb2 34. Rb1 e5 35. Be3 Qxe3 0-1